Ejercicios de Caligrafía combinados con las primeras lecciones de Lectura, Cálculo y Dibujo.

Gespeichert in:
Bibliographische Detailangaben
1. Verfasser: Edelvives. Autor
Format: keine Angabe
Sprache:Spanisch
Erschienen: Valencia Luis Vives, S.A.
Katalog:MANES:  Suchergebnis im Bibliothekskatalog
Schulbuchspezifische Eigenschaften:
Schriftenreihe:Ejercicios Caligrafía
Tags: Tag hinzufügen
Keine Tags, Fügen Sie den ersten Tag hinzu!
Hinzugefügt zu:26.04.2016

MARC

LEADER 000000000a22000000004500
001 09865
003 OSt
008 160427s sp ||||| |||| 00| 0 spa d
040 |c centro_manes 
041 1 |a spa 
691 7 |a PRI 
100 1 |a Edelvives. Autor  |9 3255 
245 0 0 |a Ejercicios de Caligrafía combinados con las primeras lecciones de Lectura, Cálculo y Dibujo. 
260 3 |a Valencia  |b Luis Vives, S.A. 
300 |a 16 p.  |c 21 x 15,5 cm 
440 |a Ejercicios Caligrafía  |9 5608 
330 |a 6 
690 7 |a EA 
690 0 |a EyL 
942 |2 ddc  |c BK 
546 |a España 
999 |c 15839  |d 15839 
999 |c manes:15839  |d 15839